Estudio de las antenas celulares dentro de una red de telefonía móvil /
Guardat en:
| Autor principal: | |
|---|---|
| Format: | Llibre |
| Publicat: |
[San José, Costa Rica]
2009
|
| Matèries: | |
| Etiquetes: |
Afegir etiqueta
Sense etiquetes, Sigues el primer a etiquetar aquest registre!
|
MARC
| LEADER | 00000nam a2200000Ia 4500 | ||
|---|---|---|---|
| 003 | 001472 | ||
| 005 | 20221231144044.0 | ||
| 008 | 140114s2009 cr a 000 ||s d | ||
| 040 | |c cru CEDI | ||
| 090 | |a TFG 5991 | ||
| 100 | |a Guzmán Fernández, Pablo |9 3517 | ||
| 245 | |a Estudio de las antenas celulares dentro de una red de telefonía móvil / | ||
| 260 | |c 2009 |b [San José, Costa Rica] | ||
| 300 | |a xi, 67 hojas; ilustraciones (algunas a color) | ||
| 500 | |a Proyecto de graduación (bachillerato en ingeniería eléctrica)--Universidad de CostaRrica, Facultad de Ingeniería. Escuela de Ingeniería Civil | ||
| 650 | |x SISTEMAS MOVILES DE COMUNICACION |x TELEFONOS CELULARES |x ANTENAS |9 3518 | ||
| 942 | |c TFG | ||
| 999 | |c 16237 |d 16237 | ||
